000 00597nam a2200193Ia 4500
003 GCL
008 140319s9999 xx 000 0 ara d
040 _aGCL /
_cGCL
082 0 4 _a843.03
_bل ص
100 1 _aاحمد كمال يونس
245 1 0 _aصحراء /
_cاحمد كمال يونس
700 1 _aلوكليزيو
260 _a[S.N] :
_bدار المستقبل العربى ،
_c1985
300 _a393 ص
490 _aروايات فرنسية معاصرة
_v0
650 0 4 _aالادب الفرنسى
650 0 4 _aالقصص الفرنسية المترجمة
942 _2ddc
_cBK
999 _c35768
_d35768